<?xml version="1.0" encoding="UTF-8"?>
<record
    xmlns:xsi="http://www.w3.org/2001/XMLSchema-instance"
    xsi:schemaLocation="http://www.loc.gov/MARC21/slim http://www.loc.gov/standards/marcxml/schema/MARC21slim.xsd"
    xmlns="http://www.loc.gov/MARC21/slim">

  <leader>06250njm a2200721Ia 4500</leader>
  <controlfield tag="001">25687</controlfield>
  <controlfield tag="003">IT-RoPAU</controlfield>
  <controlfield tag="005">20220918181120.0</controlfield>
  <controlfield tag="008">131025s9999    xx            000 0 und d</controlfield>
  <datafield tag="040" ind1=" " ind2=" ">
    <subfield code="a">IT-RoPAU</subfield>
  </datafield>
  <datafield tag="040" ind1=" " ind2=" ">
    <subfield code="c">IT-RoPAU</subfield>
  </datafield>
  <datafield tag="999" ind1=" " ind2=" ">
    <subfield code="c">99724</subfield>
    <subfield code="d">99724</subfield>
  </datafield>
  <datafield tag="999" ind1=" " ind2=" ">
    <subfield code="b">n.d.</subfield>
  </datafield>
  <datafield tag="100" ind1=" " ind2=" ">
    <subfield code="a">AA.VV.</subfield>
    <subfield code="9">794</subfield>
  </datafield>
  <datafield tag="100" ind1=" " ind2=" ">
    <subfield code="e">Autore musica</subfield>
    <subfield code="9">13634</subfield>
  </datafield>
  <datafield tag="100" ind1=" " ind2=" ">
    <subfield code="g">Codice autore musica SPICS: 12000</subfield>
    <subfield code="9">796</subfield>
  </datafield>
  <datafield tag="245" ind1=" " ind2=" ">
    <subfield code="a">Clarinetto nel jazz (Il)</subfield>
  </datafield>
  <datafield tag="250" ind1=" " ind2=" ">
    <subfield code="a">2a ed.</subfield>
  </datafield>
  <datafield tag="260" ind1=" " ind2=" ">
    <subfield code="a">MILANO</subfield>
  </datafield>
  <datafield tag="260" ind1=" " ind2=" ">
    <subfield code="b">MUSICA JAZZ</subfield>
    <subfield code="c">1983 [1a Ed.:]</subfield>
  </datafield>
  <datafield tag="300" ind1=" " ind2=" ">
    <subfield code="a">DISCO</subfield>
  </datafield>
  <datafield tag="300" ind1=" " ind2=" ">
    <subfield code="c">49 minuti (Testo:  pag.)</subfield>
  </datafield>
  <datafield tag="500" ind1=" " ind2=" ">
    <subfield code="a">Musica jazz. Il clarinetto nella storia del Jazz Brass Bands di New Orleans. Strumenti a fiato. Questo album offre un panorama completo dei pi&#xF9; significativi clarinettisti della storia del jazz. Ruolo del clarinetto nell'organico jazzistico</subfield>
  </datafield>
  <datafield tag="505" ind1=" " ind2=" ">
    <subfield code="a">High Society [(1951) (4:00)] - Clarinet Marmalade [(New York, 10 novembre 1936) (La Rocca Nick) (3:00)] - Wolverine Blues [(Richmond, 13 marzo 1923) (4:00)] - Blue Clarinet Stomp [(Chicago, 6 luglio 1928) (Dodds Johnny) (4:00)] - Characteristic Blues [(New York, 14 aprile 1937) (Sissle Noble) (3:00)] - China Boy [(Chicago, 9 dicembre 1927) (McKenzie Red) (3:00)] - My Monday Date [(Chicago, 23 agosto 1928) (Noone Jymmie) (3:00)] - One Hour [(New York, 14 novembre 1929) (McKenzie Red) (4:00)] - Clarinet Lament [(New York, 28 febbraio 1936) (Ellington Duke) (4:00)] - Stompin' Atthesavoy [(New York, 2 dicembre 1936) (Goodman Benny) (3:00)] - Stardust [(7 ottobre 1940) (Shaw Artie) (4:00)] - So Low [(New York, marzo 1956) (Giuffr&#xE8; Jimmy) (3:00)] - Poseidia [(Roma, 17 settembre 1977) (Smith Bill) (6:00)] - Composition n 69B [(Firenze, 19 luglio 1982) (Braxton Anthony) (6:00)]</subfield>
  </datafield>
  <datafield tag="511" ind1=" " ind2=" ">
    <subfield code="a">Celestin  Papa: tr; Picou Alphonse: cl; Matthews Bill: trne; Crosby Octave: p; Alexis Richard: cb; Goldston Christopher: batt; Oscar "Papa" Celestin and his Tuxedo Jazz Band</subfield>
  </datafield>
  <datafield tag="511" ind1=" " ind2=" ">
    <subfield code="a">La Rocca Nick: crn; Edwards Eddie: trne; Shields Larry: cl; Robinson J Russell: p; Sbarbaro Tony: Batt; Original Dixieland Jass Band</subfield>
  </datafield>
  <datafield tag="511" ind1=" " ind2=" ">
    <subfield code="a">Mares Paul: crn; Brunis Georges: trne; Roppolo Leon: cl; Stitzel Mel: p; Pollack Ben: batt; New Orleans Rhythm Kings</subfield>
  </datafield>
  <datafield tag="511" ind1=" " ind2=" ">
    <subfield code="a">Johnny Dodds Trio: cl; Alexander Charlie: p; Johnson Bill: cb; Dodds Baby: Washboard</subfield>
  </datafield>
  <datafield tag="511" ind1=" " ind2=" ">
    <subfield code="a">Culley Wendell: tr; Dean Deamus: tr; Brereton Clarence: tr; Burrill Chester: trne; Bechet Sidney: cl; Usera Ramon: alto; Pasquall Jerome Don: alto; Tolliver James: ten; White Gil: ten; Butterfield Erskine: p; Miller Jimmy: chit; Jones Jimmy: cb; Kirk Wilbur: batt; Noble Sissle Orchestra</subfield>
  </datafield>
  <datafield tag="511" ind1=" " ind2=" ">
    <subfield code="a">McPartland Jimmy: crn; Teschemaker Frank: cl; Freeman Bud: ten; Sullivan Joe: p; Condon Eddie: chit; Lannigan Jim: cb; Krupa Gene: batt; Red McKenzie and Condon's Chicagoans</subfield>
  </datafield>
  <datafield tag="511" ind1=" " ind2=" ">
    <subfield code="a">Noone Jimmie: cl; Poston Joe: alto; Hines Earl: p; Scott Bud: bjo; Buford Lawson: basso tuba; Wells Johnny: batt; Jimmie Noone's Apex Club Orchestra</subfield>
  </datafield>
  <datafield tag="511" ind1=" " ind2=" ">
    <subfield code="a">Mckenzie Red: blue blowing; Miller Glenn: trne; Russell Pee Wee: cl; Hawkins Coleman: ten; Condon Eddie: bjo; Bland Jack: chit; Morgan Al: cb; Krupa Gene: batt; The Mound City Blue Blowers</subfield>
  </datafield>
  <datafield tag="511" ind1=" " ind2=" ">
    <subfield code="a">Whetsol Arthur: tr; Williams Cootie: tr; Stewart Rex: crn; Nanton Joe Tricky Sarn: trne; Brown Lawrence: trne; Tizol Juan: trne; Hodges Johnny: saxes; Carney Harry: saxes; Hardwicke Otto: saxes; Bigard Barney: cl; Ellington Duke: p; Guy Fred: chit; Taylor Billy: cb; Greer Sonny: batt; Duke Ellington and his Famous Orchestra</subfield>
  </datafield>
  <datafield tag="511" ind1=" " ind2=" ">
    <subfield code="a">Goodman Benny: cl; Wilson Teddy: p; Hampton Lionel: vib; Krupa Gene: batt; Benny Goodman Quartet</subfield>
  </datafield>
  <datafield tag="511" ind1=" " ind2=" ">
    <subfield code="a">Shaw Artie: cl; Klein Manny: tr; Wrightsman Stan: p; Sherwood Bobby: chit; Artie Shaw and his Orchestra</subfield>
  </datafield>
  <datafield tag="511" ind1=" " ind2=" ">
    <subfield code="a">Jimmy Giuffre cl solo e battito di piedi</subfield>
  </datafield>
  <datafield tag="511" ind1=" " ind2=" ">
    <subfield code="a">Smith Bill: cl; Pieranunzi Enrico: p</subfield>
  </datafield>
  <datafield tag="511" ind1=" " ind2=" ">
    <subfield code="a">Braxton Anthony: cl; Lindberg John: cb</subfield>
  </datafield>
  <datafield tag="650" ind1=" " ind2=" ">
    <subfield code="a">JAZZ [DISCHI]</subfield>
    <subfield code="e">Codice MATERIA SPICS: 9950</subfield>
    <subfield code="9">13635</subfield>
  </datafield>
  <datafield tag="700" ind1=" " ind2=" ">
    <subfield code="a">Picou Alphonse</subfield>
    <subfield code="d">Codice autore musica SPICS: 16318</subfield>
    <subfield code="e">Autore musica</subfield>
    <subfield code="p">High Society</subfield>
    <subfield code="9">13636</subfield>
  </datafield>
  <datafield tag="700" ind1=" " ind2=" ">
    <subfield code="a">Shields Larry</subfield>
    <subfield code="d">Codice autore musica SPICS: 16321</subfield>
    <subfield code="e">Autore musica</subfield>
    <subfield code="p">Clarinet Marmalade</subfield>
    <subfield code="9">13637</subfield>
  </datafield>
  <datafield tag="700" ind1=" " ind2=" ">
    <subfield code="a">Ragas Henry</subfield>
    <subfield code="d">Codice autore SPICS: 16341</subfield>
    <subfield code="e">Autore</subfield>
    <subfield code="p">Clarinet Marmalade</subfield>
    <subfield code="9">13638</subfield>
  </datafield>
  <datafield tag="700" ind1=" " ind2=" ">
    <subfield code="a">Morton Jelly Roll</subfield>
    <subfield code="d">Codice autore musica SPICS: 10672</subfield>
    <subfield code="e">Autore musica</subfield>
    <subfield code="p">Wolverine Blues</subfield>
    <subfield code="9">13639</subfield>
  </datafield>
  <datafield tag="700" ind1=" " ind2=" ">
    <subfield code="a">Dodds Johnny</subfield>
    <subfield code="d">Codice autore musica SPICS: 16276</subfield>
    <subfield code="e">Autore musica</subfield>
    <subfield code="p">Blue Clarinet Stomp</subfield>
    <subfield code="9">13640</subfield>
  </datafield>
  <datafield tag="700" ind1=" " ind2=" ">
    <subfield code="a">Sissle Noble</subfield>
    <subfield code="d">Codice autore musica SPICS: 13038</subfield>
    <subfield code="e">Autore musica</subfield>
    <subfield code="p">Characteristic Blues</subfield>
    <subfield code="9">13641</subfield>
  </datafield>
  <datafield tag="700" ind1=" " ind2=" ">
    <subfield code="a">Bechet Sydney</subfield>
    <subfield code="d">Codice autore SPICS: 9418</subfield>
    <subfield code="e">Autore</subfield>
    <subfield code="p">Characteristic Blues</subfield>
    <subfield code="9">13642</subfield>
  </datafield>
  <datafield tag="700" ind1=" " ind2=" ">
    <subfield code="a">Bouteljie</subfield>
    <subfield code="d">Codice autore musica SPICS: 20919</subfield>
    <subfield code="e">Autore musica</subfield>
    <subfield code="p">China Boy</subfield>
    <subfield code="9">13643</subfield>
  </datafield>
  <datafield tag="700" ind1=" " ind2=" ">
    <subfield code="a">Winfree</subfield>
    <subfield code="d">Codice autore SPICS: 27779</subfield>
    <subfield code="e">Autore</subfield>
    <subfield code="p">China Boy</subfield>
    <subfield code="9">13644</subfield>
  </datafield>
  <datafield tag="700" ind1=" " ind2=" ">
    <subfield code="a">Hines Earl</subfield>
    <subfield code="d">Codice autore musica SPICS: 16156</subfield>
    <subfield code="e">Autore musica</subfield>
    <subfield code="p">My Monday Date</subfield>
    <subfield code="9">13645</subfield>
  </datafield>
  <datafield tag="700" ind1=" " ind2=" ">
    <subfield code="a">Robin Christian</subfield>
    <subfield code="d">Codice autore SPICS: 10583</subfield>
    <subfield code="e">Autore</subfield>
    <subfield code="p">My Monday Date</subfield>
    <subfield code="9">13646</subfield>
  </datafield>
  <datafield tag="700" ind1=" " ind2=" ">
    <subfield code="a">Johnson James P.</subfield>
    <subfield code="d">Codice autore musica SPICS: 16155</subfield>
    <subfield code="e">Autore musica</subfield>
    <subfield code="p">One Hour</subfield>
    <subfield code="9">13647</subfield>
  </datafield>
  <datafield tag="700" ind1=" " ind2=" ">
    <subfield code="a">Creamer H.</subfield>
    <subfield code="d">Codice autore SPICS: 16398</subfield>
    <subfield code="e">Autore</subfield>
    <subfield code="p">One Hour</subfield>
    <subfield code="9">13648</subfield>
  </datafield>
  <datafield tag="700" ind1=" " ind2=" ">
    <subfield code="a">Ellington Duke</subfield>
    <subfield code="d">Codice autore musica SPICS: 13023</subfield>
    <subfield code="e">Autore musica</subfield>
    <subfield code="p">Clarinet Lament </subfield>
    <subfield code="9">13649</subfield>
  </datafield>
  <datafield tag="700" ind1=" " ind2=" ">
    <subfield code="a">Bigard Barney</subfield>
    <subfield code="d">Codice autore SPICS: 16329</subfield>
    <subfield code="e">Autore</subfield>
    <subfield code="p">Clarinet Lament </subfield>
    <subfield code="9">13650</subfield>
  </datafield>
  <datafield tag="700" ind1=" " ind2=" ">
    <subfield code="a">Sampson Edgar</subfield>
    <subfield code="d">Codice autore musica SPICS: 15952</subfield>
    <subfield code="e">Autore musica</subfield>
    <subfield code="p">Stompin' Atthesavoy</subfield>
    <subfield code="9">13651</subfield>
  </datafield>
  <datafield tag="700" ind1=" " ind2=" ">
    <subfield code="a">Goodman Benny</subfield>
    <subfield code="d">Codice autore SPICS: 10538</subfield>
    <subfield code="e">Autore</subfield>
    <subfield code="p">Stompin' Atthesavoy</subfield>
    <subfield code="9">13652</subfield>
  </datafield>
  <datafield tag="700" ind1=" " ind2=" ">
    <subfield code="a">Razaf Andy</subfield>
    <subfield code="d">Codice autore testo/musica SPICS: 10573</subfield>
    <subfield code="e">Autore testo/musica</subfield>
    <subfield code="p">Stompin' Atthesavoy</subfield>
    <subfield code="9">13653</subfield>
  </datafield>
  <datafield tag="700" ind1=" " ind2=" ">
    <subfield code="a">Carmichael Hoagy</subfield>
    <subfield code="d">Codice autore musica SPICS: 10736</subfield>
    <subfield code="e">Autore musica</subfield>
    <subfield code="p">Stardust</subfield>
    <subfield code="9">13654</subfield>
  </datafield>
  <datafield tag="700" ind1=" " ind2=" ">
    <subfield code="a">Parrish</subfield>
    <subfield code="d">Codice autore SPICS: 20357</subfield>
    <subfield code="e">Autore musica</subfield>
    <subfield code="p">Stardust</subfield>
    <subfield code="9">13655</subfield>
  </datafield>
  <datafield tag="700" ind1=" " ind2=" ">
    <subfield code="a">Giuffr&#xE8; Jimmy</subfield>
    <subfield code="d">Codice autore musica SPICS: 10675</subfield>
    <subfield code="e">Autore musica</subfield>
    <subfield code="p">So Low</subfield>
    <subfield code="9">13656</subfield>
  </datafield>
  <datafield tag="700" ind1=" " ind2=" ">
    <subfield code="a">Pieranunzi Enrico</subfield>
    <subfield code="d">Codice autore musica SPICS: 16333</subfield>
    <subfield code="e">Autore musica</subfield>
    <subfield code="p">Poseidia</subfield>
    <subfield code="9">13657</subfield>
  </datafield>
  <datafield tag="700" ind1=" " ind2=" ">
    <subfield code="a">Braxton Anthony</subfield>
    <subfield code="d">Codice autore musica SPICS: 16334</subfield>
    <subfield code="e">Autore musica</subfield>
    <subfield code="p">Composition n 69B</subfield>
    <subfield code="9">13658</subfield>
  </datafield>
  <datafield tag="942" ind1=" " ind2=" ">
    <subfield code="c">MD</subfield>
    <subfield code="2">ddc</subfield>
  </datafield>
  <datafield tag="952" ind1=" " ind2=" ">
    <subfield code="0">0</subfield>
    <subfield code="1">0</subfield>
    <subfield code="4">0</subfield>
    <subfield code="6">25687_000000000000000</subfield>
    <subfield code="7">1</subfield>
    <subfield code="a">SPICS</subfield>
    <subfield code="b">SPICS</subfield>
    <subfield code="d">2013-10-25</subfield>
    <subfield code="l">0</subfield>
    <subfield code="o">25687</subfield>
    <subfield code="r">2013-10-25 00:00:00</subfield>
    <subfield code="w">2013-10-25</subfield>
    <subfield code="y">MD</subfield>
    <subfield code="z">Progr. Ins.: 5561 / N.Vol.: 1 / Copie: 1 - Copia rara: n.d. / date import: 01.01.2014 - By Epidotti, Trombetti, Vaglietti</subfield>
  </datafield>
</record>
